Normal view
MARC view
Entry Personal Name
001 - CONTROL NUMBER
- control field: 17427
003 - CONTROL NUMBER IDENTIFIER
- control field: ARRUPE
005 - DATE AND TIME OF LATEST TRANSACTION
- control field: 20150421181708.0
008 - FIXED-LENGTH DATA ELEMENTS
- fixed length control field: 150421|| aca||aabn | a|a d
040 ## - CATALOGING SOURCE
- Original cataloging agency: ARRUPE
- Transcribing agency: ARRUPE
100 ## - HEADING--PERSONAL NAME
- Personal name: Bunge, Mario (ed.)
670 ## - SOURCE DATA FOUND
- Source citation: Work cat.: (ARRUPE): Bunge, Mario (ed.), The Methodological unity of science , 1973